Justicia global : (Record no. 116875)
[ view plain ]
| 000 -CABECERA | |
|---|---|
| campo de control de longitud fija | 01090nam a2200265 a 4500 |
| 005 - FECHA Y HORA DE LA ÚLTIMA TRANSACCIÓN | |
| campo de control | 20240914063746.0 |
| 008 - ELEMENTOS DE LONGITUD FIJA--INFORMACIÓN GENERAL | |
| campo de control de longitud fija | 050523s2003 es 000 0 spa d |
| 020 ## - NÚMERO INTERNACIONAL NORMALIZADO PARA LIBROS | |
| Número Internacional Estándar del Libro | 8474265991 (Icaria) |
| 020 ## - NÚMERO INTERNACIONAL NORMALIZADO PARA LIBROS | |
| Número Internacional Estándar del Libro | 8484521621 (Intermón Oxfam) |
| 035 ## - NÚMERO DE CONTROL DEL SISTEMA | |
| Número de control de sistema | UPN01000144728 |
| 049 ## - COLECCIÓN | |
| Colección | CG |
| 050 #4 - SIGNATURA TOPOGRÁFICA DE LA BIBLIOTECA DEL CONGRESO | |
| Número de clasificación | HM671 |
| Número de documento/Ítem | J8.7 2003 |
| 245 00 - MENCIÓN DE TÍTULO | |
| Título | Justicia global : |
| Resto del título | las alternativas de los movimientos del Foro de Porto Alegre / |
| Mención de responsabilidad, etc. | ed. Rafael Díaz-Salazar ; tr. Ana Ma. Cardarso. |
| 250 ## - MENCIÓN DE EDICIÓN | |
| Mención de edición | 2a ed. |
| 260 ## - PUBLICACIÓN, DISTRIBUCIÓN, ETC. | |
| Lugar de publicación, distribución, etc. | Barcelona, Esp. : |
| Nombre del editor, distribuidor, etc. | Icaria : |
| -- | Intermón Oxfam, |
| -- | 2003. |
| 300 ## - DESCRIPCIÓN FÍSICA | |
| Extensión | 366 p. + |
| Material acompañante/anejo | 1 CD-ROM ; 4 3/4 plg. |
| 440 #0 - MENCIÓN DE SERIE/ASIENTO SECUNDARIO--TÍTULO | |
| Título | Encuentro ; |
| Designación de volumen o secuencia | 4 |
| 500 ## - NOTA GENERAL | |
| Nota general | "Este libro presenta las alternativas y los programas de cambio para una globalización más humana y solidaria..." |
| 500 ## - NOTA GENERAL | |
| Nota general | El CD-ROM incluye los documentos del I y II Foro Social Mundial y el directorio de movimientos sociales |
| 650 #2 - ASIENTO SECUNDARIO DE MATERIA - TERMINO TEMATICO | |
| Término de materia o nombre geográfico como elemento de entrada | Justicia social |
| 9 (RLIN) | 15413 |
| 650 #4 - ASIENTO SECUNDARIO DE MATERIA - TERMINO TEMATICO | |
| Término de materia o nombre geográfico como elemento de entrada | Desarrollo económico |
| Subdivisión general | Aspectos ambientales |
| 9 (RLIN) | 15412 |
| 650 #2 - ASIENTO SECUNDARIO DE MATERIA - TERMINO TEMATICO | |
| Término de materia o nombre geográfico como elemento de entrada | Movimientos sociales |
| 9 (RLIN) | 13536 |
| 700 1# - ASIENTO SECUNDARIO--NOMBRE DE PERSONAL | |
| Nombre de persona | Díaz-Salazar, Rafael, |
| Término indicativo de función/relación | ed. |
| 905 ## - TIPO DE MATERIAL | |
| Tipo de material | Libro |
| Estado de retiro | Estado de pérdida | Fuente del sistema de clasificación o colocación | Estado dañado | No para préstamo | Código de colección | Localización permanente | Ubicación/localización actual | Ubicación en estantería | Total de préstamos | Clasificación | Código de barras | Fecha visto por última vez | Número de copia | Tipo de ítem Koha | Fecha de adquisición | Precio válido a partir de | Nota pública |
|---|---|---|---|---|---|---|---|---|---|---|---|---|---|---|---|---|---|
| Library of Congress Classification | Colección General | Bib. Gregorio Torres Quintero | Bib. Gregorio Torres Quintero | Planta baja | 1 | HM671 J8.7 2003 | 239635 | 31/12/2020 | 1 | Libro | |||||||
| Library of Congress Classification | Materiales complementarios y otros recursos electrónicos | Bib. Gregorio Torres Quintero | Bib. Gregorio Torres Quintero | Mostrador de préstamo Planta baja | HM671 J8.7 2003 | 339186 | 25/06/2024 | Disco Compacto | 25/06/2024 | 25/06/2024 | Solicítalo en el mostrador de préstamo |
